[Event "Challenge"]
[Site "http://www.queenalice.com/game.php?id=1649099"]
[Date "2021.4.8"]
[Round "-"]
[White "franfig"]
[Black "ilbarbierefallito"]
[Result "0-1"]
[WhiteElo "1187"]
[BlackElo "1479"]

1. e4 e5 2. Nf3 Nc6 3. Bb5 d6 4. d4 Bd7 5. Nc3 a6 6. Ba4 b5 7. Bb3 Na5 8. Bd5 c6
9. Bb3 Nxb3 10. cxb3 Be7 11. O-O Nf6 12. Bg5 O-O 13. dxe5 dxe5 14. Nxe5 Be8 15.
a4 Nxe4 16. Nxe4 f6 17. Nxc6 Bxc6 18. Nc5 Bxc5 19. axb5 Bxb5 0-1

[Event "AUTO-OPEN-4349"]
[Site "http://www.queenalice.com/game.php?id=1782689"]
[Date "2022.2.12"]
[Round "1"]
[White "dosoldini"]
[Black "franfig"]
[Result "1-0"]
[WhiteElo "1540"]
[BlackElo "1165"]

1. e4 c5 2. Bc4 Nc6 3. Qf3 Ne5 4. Bxf7+ Nxf7 5. Nc3 Ne5 6. Qh5+ g6 7. Qxe5 d6 8.
Qxh8 Bg4 9. Qxg8 Kd7 10. Qc4 Bh6 11. e5 Qa5 12. Qxg4+ e6 13. f4 b5 14. Nd5 Qa4
15. b3 Qe4+ 16. Ne3 d5 17. Ne2 d4 18. d3 Qd5 19. Nxd5 1-0

[Event "AUTO-OPEN-4349"]
[Site "http://www.queenalice.com/game.php?id=1782690"]
[Date "2022.2.12"]
[Round "1"]
[White "franfig"]
[Black "dosoldini"]
[Result "0-1"]
[WhiteElo "1169"]
[BlackElo "1556"]

1. e4 e5 2. d4 d5 3. Bb5+ Bd7 4. Nf3 Bxb5 5. Nxe5 Qf6 6. Ng4 Qe6 7. Qf3 Nf6 8.
Ne5 Bd6 9. Bg5 Bxe5 10. dxe5 Nxe4 11. Nc3 Nxg5 12. Qxd5 Bc4 13. Rd1 Bxd5 14.
Nxd5 Qxe5+ 15. Kd2 Qxd5+ 0-1

[Event "AUTO-OPEN-4349"]
[Site "http://www.queenalice.com/game.php?id=1782711"]
[Date "2022.2.12"]
[Round "1"]
[White "Eggchaser"]
[Black "franfig"]
[Result "1-0"]
[WhiteElo "1857"]
[BlackElo "1173"]

1. e4 c5 2. Nf3 d6 3. d4 Nf6 4. Nc3 Nc6 5. dxc5 dxc5 6. Qxd8+ Nxd8 7. Nb5 e6 8.
Nc7+ Kd7 9. Nxa8 Nxe4 10. Bb5+ Nc6 11. Be3 f5 12. Ne5+ Kd6 13. Nf7+ Kd5 14. Nc7#
1-0

[Event "AUTO-OPEN-4349"]
[Site "http://www.queenalice.com/game.php?id=1782712"]
[Date "2022.2.12"]
[Round "1"]
[White "franfig"]
[Black "Eggchaser"]
[Result "0-1"]
[WhiteElo "1171"]
[BlackElo "1891"]

1. e4 c5 2. Nf3 d6 3. Bb5+ Nd7 4. a4 a6 5. Bc4 e6 6. Nc3 Ngf6 7. b3 g6 8. Nh4
Nxe4 9. Nxe4 Qxh4 10. g3 Qxe4+ 11. Kf1 Qxh1+ 12. Ke2 Qe4+ 13. Kf1 Qh1+ 14. Ke2
Qxd1+ 15. Kd3 Qf3# 0-1

[Event "AUTO-OPEN-4349"]
[Site "http://www.queenalice.com/game.php?id=1782725"]
[Date "2022.2.12"]
[Round "1"]
[White "franfig"]
[Black "Boltonben"]
[Result "0-1"]
[WhiteElo "1167"]
[BlackElo "1786"]

1. e4 e6 2. d3 c5 3. Nf3 d5 4. Nc3 d4 5. Nb5 Qb6 6. Bg5 Qxb5 7. c4 Qxb2 8. Qe2
Qxa1+ 9. Kd2 Qxa2+ 10. Kc1 Qa1+ 11. Kc2 Bd6 12. Qe1 Qa4+ 13. Kd2 Na6 14. Be2 Nb4
15. g3 Qc2# 0-1

[Event "AUTO-OPEN-4349"]
[Site "http://www.queenalice.com/game.php?id=1782726"]
[Date "2022.2.12"]
[Round "1"]
[White "Boltonben"]
[Black "franfig"]
[Result "1-0"]
[WhiteElo "1803"]
[BlackElo "1163"]

1. e4 c5 2. d3 d6 3. Nf3 Nc6 4. g3 e5 5. Bg2 Nf6 6. O-O Be7 7. Nc3 b6 8. b3 Bg4
9. Rb1 O-O 10. Ba3 Nh5 11. Nd5 Bf6 12. Qd2 b5 13. b4 cxb4 14. Bxb4 Nxb4 15. Rxb4
h6 16. Rxb5 Rb8 17. Rfb1 Qd7 18. Rxb8 1-0

[Event "AUTO-OPEN-4510"]
[Site "http://www.queenalice.com/game.php?id=1831863"]
[Date "2024.2.18"]
[Round "1"]
[White "franfig"]
[Black "juim"]
[Result "0-1"]
[WhiteElo "1151"]
[BlackElo "1796"]

1. e4 d5 2. Nc3 d4 3. Nd5 e6 4. Nf4 e5 5. Nh5 g6 6. Bb5+ Bd7 7. Nf3 Bxb5 8. Nxd4
Qxd4 9. c3 Qd3 10. Qf3 Qxf3 11. gxf3 gxh5 12. d4 exd4 13. cxd4 Bb4+ 14. Bd2
Bxd2+ 15. Kxd2 Nd7 16. Rhg1 O-O-O 17. Rg5 a6 18. a4 Bc4 19. Kc3 Be2 20. Re1 Bxf3
21. Rc5 Nxc5 0-1

[Event "AUTO-OPEN-4510"]
[Site "http://www.queenalice.com/game.php?id=1831864"]
[Date "2024.2.18"]
[Round "1"]
[White "juim"]
[Black "franfig"]
[Result "1-0"]
[WhiteElo "1794"]
[BlackElo "1153"]

1. e4 e5 2. d4 exd4 3. Qxd4 Nc6 4. Qc3 d5 5. Bb5 Be6 6. Bxc6+ bxc6 7. Ne2 f5 8.
O-O Nf6 9. Nf4 Bd7 10. exd5 cxd5 11. Bd2 Bd6 12. Nh3 c5 13. Ng5 Ne4 14. Qxg7
Nxg5 15. Qxh8+ Bf8 16. Nc3 Nf7 17. Qxh7 d4 18. Nd5 Qg5 19. Bxg5 Nxg5 20. Nf6+
Kd8 21. Qxd7# 1-0

[Event "AUTO-OPEN-4515"]
[Site "http://www.queenalice.com/game.php?id=1833247"]
[Date "2024.3.12"]
[Round "1"]
[White "guy92"]
[Black "franfig"]
[Result "1-0"]
[WhiteElo "2172"]
[BlackElo "1149"]

1. d4 e6 2. c4 Bb4+ 3. Nc3 Nf6 4. a3 Ba5 5. b4 Bb6 6. c5 O-O 7. cxb6 axb6 8. Bg5
Qe7 9. Ne4 c5 10. bxc5 bxc5 11. Nxf6+ gxf6 12. Bh6 Qe8 13. e4 d5 14. Qg4+ Kh8
15. Qg7# 1-0

[Event "AUTO-OPEN-4515"]
[Site "http://www.queenalice.com/game.php?id=1833248"]
[Date "2024.3.12"]
[Round "1"]
[White "franfig"]
[Black "guy92"]
[Result "0-1"]
[WhiteElo "1105"]
[BlackElo "2218"]

1. e4 e5 2. f4 Bc5 3. Nf3 d6 4. fxe5 dxe5 5. Nxe5 Qh4+ 6. g3 Qxe4+ 7. Qe2 Qxh1
8. Ng4+ Be6 9. d3 Qd5 10. Bf4 Bd6 11. Nc3 Qd4 12. Qe4 Qxe4+ 13. dxe4 Bxg4 14. h4
Bxf4 15. gxf4 c6 16. Rd1 Bxd1 17. Kxd1 Nf6 18. e5 Nd5 19. Ne4 O-O 20. Bd3 Nxf4
21. Bc4 Nd7 22. Ng5 Nxe5 23. Bxf7+ Nxf7 24. c4 Nxg5 0-1

[Event "AUTO-OPEN-4515"]
[Site "http://www.queenalice.com/game.php?id=1833271"]
[Date "2024.3.12"]
[Round "1"]
[White "dosoldini"]
[Black "franfig"]
[Result "1-0"]
[WhiteElo "1577"]
[BlackElo "1147"]

1. e4 e6 2. Nf3 c5 3. Bc4 Qa5 4. Nc3 d5 5. Bb5+ Bd7 6. a4 Nf6 7. d3 a6 8. Bxd7+
Kxd7 9. Ne5+ Kd6 10. Nxf7+ Kc6 11. Ra3 Rg8 12. Ne5+ Kd6 13. d4 cxd4 14. Qxd4 Nc6
15. Bd2 Nxe5 16. Nxd5 1-0

[Event "AUTO-OPEN-4515"]
[Site "http://www.queenalice.com/game.php?id=1833272"]
[Date "2024.3.12"]
[Round "1"]
[White "franfig"]
[Black "dosoldini"]
[Result "0-1"]
[WhiteElo "1145"]
[BlackElo "1579"]

1. e4 Nc6 2. Nf3 e5 3. Bb5 Nf6 4. O-O d5 5. d3 Bd7 6. Bg5 Be7 7. Nc3 O-O 8. a4
Bb4 9. Nxd5 Be7 10. c4 a6 11. Nxe5 Nxe5 12. Nxf6+ Bxf6 13. Bh4 Bxh4 14. g3 Qg5
15. Bxd7 Nxd7 16. d4 Nf6 0-1

[Event "AUTO-OPEN-4515"]
[Site "http://www.queenalice.com/game.php?id=1833285"]
[Date "2024.3.12"]
[Round "1"]
[White "TammieM3ENF"]
[Black "franfig"]
[Result "1-0"]
[WhiteElo "1048"]
[BlackElo "1143"]

1. d4 Nf6 2. Nf3 b6 3. c4 d5 4. cxd5 Qxd5 5. h4 e5 6. h5 Bb4+ 7. Bd2 O-O 8. g3
a5 9. a3 Bd6 10. g4 c5 11. b4 cxb4 12. axb4 axb4 13. Nc3 bxc3 14. Bxc3 Nxg4 15.
Rb1 Bf5 16. h6 1-0

[Event "AUTO-OPEN-4515"]
[Site "http://www.queenalice.com/game.php?id=1833286"]
[Date "2024.3.12"]
[Round "1"]
[White "franfig"]
[Black "TammieM3ENF"]
[Result "0-1"]
[WhiteElo "1123"]
[BlackElo "1068"]

1. e4 e5 2. Nc3 Nc6 3. f4 exf4 4. Qf3 f6 5. d3 f5 6. Bxf4 fxe4 7. dxe4 d6 8.
Qh5+ g6 9. Qg5 Nge7 10. Nd5 b5 11. Nf3 a5 12. Bxb5 a4 13. b3 axb3 14. cxb3 h6
15. Qf6 g5 16. Nxg5 hxg5 0-1